Participantes da Série D 2022 - Statistics

Estatísticas Gerais
  • Esse quiz foi jogado 36 vezes
  • A pontuação média é 44 de 64
Estatísticas das Respostas
TIME ESTADO % Correto
Brasiliense DF
90%
Rio Branco AC
90%
América RN
87%
Portuguesa RJ
87%
ASA AL
83%
Moto Club MA
83%
Paraná PR
83%
Santa Cruz PE
83%
Santo André SP
83%
Ferroviária SP
80%
Sergipe SE
80%
Tuna Luso PA
80%
Caxias RS
77%
Ceilândia DF
77%
Fluminense PI
77%
Globo RN
77%
Oeste SP
77%
São Bernardo SP
77%
São Raimundo AM
77%
São Raimundo RR
77%
Trem AP
77%
Aimoré RS
73%
Amazonas AM
73%
Bahia de Feira BA
73%
Cascavel PR
73%
Castanhal PA
73%
Inter de Limeira SP
73%
Jacuipense BA
73%
Juazeirense BA
73%
Nova Iguaçu RJ
73%
Tocantinópolis TO
73%
Humaitá AC
70%
Porto Velho RO
70%
Pouso Alegre MG
70%
Sousa PB
70%
Icasa CE
67%
Juventude MA
67%
URT MG
67%
4 de Julho PI
63%
Anápolis GO
63%
Caldense MG
63%
Juventus SC
63%
Lagarto SE
63%
Marcílio Dias SC
63%
Náutico RR
63%
Operário MT
63%
Pérolas Negras RJ
63%
São Luiz RS
63%
Azuriz PR
60%
Cianorte PR
60%
Crato CE
60%
Grêmio Anápolis GO
60%
Pacajus CE
60%
Ação MT
57%
Afogados PE
57%
Costa Rica MS
57%
CSE AL
57%
Iporá GO
57%
Nova Venécia ES
57%
Próspera SC
53%
Real Noroeste ES
53%
Salgueiro PE
53%
São Paulo Crystal PB
50%
Atlético de Alagoinhas BA
47%
Nenhum quiz correspondente encontrado
Distribuição das Pontuações
Porcentagem de Pessoas com Cada Pontuação
Percentil de Números Respondidos
Sua Pontuação Histórica
Você não jogou esse quiz